Премълчаната истина (Запис номер 501026)
[ съкратено ]
| 000 -Лидер | |
|---|---|
| Лидер | 01047aaa a2200253 a 4500 |
| 003 - Код на организацията, давaща контролен номер | |
| Код на организацията, даваща контролен номер | BLK |
| 005 - Дата и час на последна редакция | |
| Дата и час на последна редакция | 20240229004009.0 |
| 007 - Фиксирано поле за физическо описани | |
| Физическо описание | ta |
| 008 - Елементи от данни с фиксирана дължина | |
| Елементи с фиксирана дължина | 221104b bu |||||r|||| 00| | bu d |
| 040 ## - Източник на каталожния запис | |
| Код на библиотеката | BLK |
| 041 ## - Код за език | |
| Език | Български |
| Език за КДБФ | Български |
| 080 ## - УДК | |
| УДК текст | Опазване на околната среда |
| УДК код | 502 |
| УДК – определител | (497.215) |
| УДК – код + определител | 502(497.215) |
| 100 1# - Редна дума - Автор | |
| Автор | Гинкова, Ценка Стефанова |
| Биография на автора | Журналист |
| R(LIN) | 54179 |
| 245 ## - Сведения за заглавието | |
| Заглавие | Премълчаната истина |
| Авторска отговорност | Ценка Гинкова, Симеон Вацов |
| 300 ## - Физическа характеристика | |
| Брой страници | ІІ, № 213, 2 ноем. 1991, с. 1, 3. |
| 520 ## - Забележка за наличие на резюме, анотация и т.н | |
| Анотация, рецензия | Аварията в Гюргево |
| 651 #7 - Допълнително описание по предмет - топоним | |
| 9 (RLIN) | 178799 |
| Географско понятие | Гюргево |
| 653 ## - Ключова дума – ненормативна | |
| 9 (RLIN) | 200037 |
| Ключови думи | хлор |
| 653 ## - Ключова дума – ненормативна | |
| 9 (RLIN) | 186796 |
| Ключови думи | замърсяване на въздуха |
| 773 0# - Описание на основна библиографска единица при аналитични записи (многотомни) | |
| Заглавие на източника | УТРО, съботно издание Русе днес |
| Контролен номер на записа | 292727 |
| Място на издаване, издател и година | Пресгрупа Утро 1990 |
| Международен стандартен номер на серията ISSN | 1311-9397 |
| Информация за връзката | . // |
| 856 ## - Електронен адрес и достъп | |
| Инструкция (цена за достъп) | 0.00 |
| Права за достъп | disable |
| 942 ## - АРТИКУЛИ | |
| Източник на класификационната схема | Universal Decimal Classification |
| Вид на библиотечния документ | Статия |
| Скрит в OPAC | Не |
| 944 ## - СЪЗДАВАНЕ И РЕДАКЦИЯ на ЗАПИСА | |
| Дата на регистрацията/редакция | Христина Везирева |
| Служител, извършил регистрацията/редакцията | |
| Номер на служител | CRON CRON |
| Създаване/Редакция | |
| 999 ## - СИСТЕМНИ КОНТРОЛНИ НОМЕРА | |
| Koha biblionumber | 501026 |
| Koha biblioitemnumber | 501026 |
Няма налични копия.